Statistics for It's Been So Long LYRICS

Click here to take the quiz!

General Stats

  • This quiz has been taken 28 times
  • The average score is 26 of 35

Answer Stats

lyric verseanswer% Correct
Leaving my ___ behindchild
96%
I don't know what I was ____thinking
96%
Since I last have seen my son, lost to this _____monster
88%
Is this revenge I am _____?seeking
88%
Now I suffer the curse and now I am ___blind
83%
_ __ _ ___it's been so long
83%
_ __ _ ___it's been so long
83%
Or seeking someone to ____ me?avenge
79%
To the __ behind the ______man
slaughter
79%
To the __ behind the ______man
slaughter
79%
The sanity of your ____mother
79%
It won't be long before I'll become a ____puppet
79%
The ___ of your mothersanity
79%
___ you've been gonesince
79%
Since I last have seen my __, lost to this monsterson
79%
I've been singing this ___ song so I could ponderstupid
79%
____ to haunt me forevercoming
75%
Since you've been ___gone
75%
Your sweet ___ eyes, your ___ smile is all I rememberlittle
75%
Stuck in my own _____, I wanna set myself freeparadox
75%
I've been singing this stupid song so I could ____ponder
75%
I can't wait for the __ at the end of the ___cliff
river
71%
With the gift of my __ mistakespast
71%
Those ___ memories mess with my temperfuzzy
67%
But ____ isn't justifiedkilling
67%
I wish I __ in the presentlived
67%
Before they'll try to __ _stop it
67%
I'm sorry my ___ ___, I wish I've been theresweet baby
67%
What happened to my son? I'm _____terrified
67%
But the future keeps luring in like a __ _ ___pack of snakes
63%
With all this ____, ___ and ____anger
guilt
sadness
58%
Maybe I should chase and ___
find
58%
______ is killing mejustification
54%
And the thought keeps on getting ___bigger
50%
It ____ in my mindlingers
46%

Score Distribution

Percentile by Number Answered

Percent of People with Each Score

Your Score History

You have not taken this quiz